[Event "NRW Verbandsklasse Group3 1314"]
[Site "Nordrheinwestfalen"]
[Date "2014.03.09"]
[Round "8.7"]
[White "Welz, Christian"]
[Black "Volling, Andreas"]
[Result "0-1"]
[WhiteElo "1653"]
[BlackElo "1878"]
[PlyCount "66"]
[EventDate "2013.09.08"]
[EventType "team-tourn"]
[EventRounds "9"]
[EventCountry "GER"]
[SourceTitle "EXT 2020"]
[Source "ChessBase"]
[SourceDate "2019.10.17"]
[SourceVersion "1"]
[SourceVersionDate "2019.10.17"]
[SourceQuality "1"]
[WhiteTeam "Weisse Dame Borbeck II"]
[BlackTeam "Boenen SV"]
[WhiteTeamCountry "GER"]
[BlackTeamCountry "GER"]

1. c4 c6 2. Nc3 d5 3. d4 Nf6 4. Nf3 e6 5. Qb3 dxc4 6. Qxc4 b5 7. Qb3 Be7 8. e3 0-0 9. Be2 Nbd7 10. 0-0 a6 11. Rd1 Qc7 12. a3 e5 13. Qc2 Bb7 14. b4 Rac8 15. dxe5 Nxe5 16. Bb2 c5 17. Nxe5 Qxe5 18. Nd5 Qe6 19. Nxf6+ Bxf6 20. Bxf6 Qxf6 21. bxc5 Qg5 22. g3 Rxc5 23. Qb2 Qe7 24. Rd4 Qc7 25. Rad1 Rc2 26. Qb1 Rxe2 27. Rc1 Qe7 28. Kf1 Rxe3 29. fxe3 Qxe3 30. Rd3 Qe4 31. h4 Qg2+ 32. Ke1 Re8+ 33. Kd1 Qe2# 0-1

[Event "Ruhrgebiet VK2 0304"]
[Site "Ruhrgebiet"]
[Date "2004.04.25"]
[Round "9.8"]
[White "Welz, Christian"]
[Black "Cordsen, Rudolf"]
[Result "1/2-1/2"]
[WhiteElo "1515"]
[BlackElo "1781"]
[PlyCount "123"]
[EventDate "2003.09.28"]
[EventType "team"]
[EventRounds "9"]
[EventCountry "GER"]
[SourceTitle "EXT 2007"]
[Source "ChessBase"]
[SourceDate "2006.11.23"]
[SourceVersion "1"]
[SourceVersionDate "2006.11.23"]
[SourceQuality "1"]
[WhiteTeam "Essen Borbeck II"]
[BlackTeam "Oberhausen II"]
[WhiteTeamCountry "GER"]
[BlackTeamCountry "GER"]

1. c4 e5 2. Nc3 d6 3. e4 Nf6 4. Nf3 c6 5. Be2 Be7 6. 0-0 0-0 7. d3 Nbd7 8. h3 Qc7 9. Be3 Nc5 10. b4 Ne6 11. a3 Rd8 12. Qb3 h6 13. d4 exd4 14. Nxd4 Nxd4 15. Bxd4 Be6 16. Rfd1 a6 17. Qb2 c5 18. bxc5 dxc5 19. Be3 Bd6 20. Rab1 Be5 21. f3 Qa5 22. Rdc1 Nh5 23. Qc2 Rab8 24. Nd5 Bd4 25. Bxd4 cxd4 26. Qb2 Bxd5 27. cxd5 Nf4 28. Kf2 d3 29. Bf1 b5 30. g3 Qb6+ 31. Ke1 Qe3+ 32. Kd1 Qxf3+ 33. Kd2 Qf2+ 34. Kc3 Qxg3 35. Qd2 Ne2+ 36. Bxe2 dxe2+ 37. Qd3 Rbc8+ 38. Kd2 Qf4+ 39. Qe3 Qxe3+ 40. Kxe3 e1Q+ 41. Rxe1 Rc3+ 42. Kd4 Rxa3 43. Re3 Rxe3 44. Kxe3 f5 45. Kf4 fxe4 46. Kxe4 Rd6 47. Rg1 Kf7 48. Ke5 Rf6 49. d6 Rf2 50. Rd1 Re2+ 51. Kf4 Ke8 52. Ra1 Kd7 53. Rxa6 Re6 54. Rb6 Rxd6 55. Rxb5 Ke6 56. Rb7 Kf6 57. Rb5 g5+ 58. Kg4 Rd4+ 59. Kg3 h5 60. Rb6+ Ke5 61. Rb5+ Rd5 62. Rb3 1/2-1/2

[Event "Ruhrgebiet VK2 0304"]
[Site "Ruhrgebiet"]
[Date "2003.10.19"]
[Round "2.8"]
[White "Welz, Christian"]
[Black "Schumann, Burkhard"]
[Result "1-0"]
[WhiteElo "1515"]
[BlackElo "1806"]
[PlyCount "65"]
[EventDate "2003.09.28"]
[EventType "team"]
[EventRounds "9"]
[EventCountry "GER"]
[SourceTitle "EXT 2007"]
[Source "ChessBase"]
[SourceDate "2006.11.23"]
[SourceVersion "1"]
[SourceVersionDate "2006.11.23"]
[SourceQuality "1"]
[WhiteTeam "Essen Borbeck II"]
[BlackTeam "Gerthe"]
[WhiteTeamCountry "GER"]
[BlackTeamCountry "GER"]

1. c4 e5 2. Nc3 Nf6 3. g3 d5 4. cxd5 Nxd5 5. Bg2 Nb6 6. Nf3 Nc6 7. d3 Be7 8. 0-0 Be6 9. Be3 f5 10. Qc1 Nd5 11. Bg5 Nf6 12. Rd1 0-0 13. d4 e4 14. Ne5 Nd5 15. Bxe7 Ncxe7 16. Bh3 Rf6 17. Nxd5 Nxd5 18. f3 Rh6 19. Kg2 Qe7 20. fxe4 f4 21. Bxe6+ Qxe6 22. exd5 Qh3+ 23. Kf2 Qxh2+ 24. Ke1 Qxg3+ 25. Kd2 Qe3+ 26. Kc2 Qe4+ 27. Kb3 Rb6+ 28. Kc3 Rh6 29. Rd3 c5 30. dxc6 bxc6 31. Qf1 c5 32. Qf3 cxd4+ 33. Kd2 1-0